NRL top 8 in the 2020s - Statistics

General Stats
  • This quiz has been taken 248 times
    28 since last reset
  • The average score is 47 of 48
Answer Stats
Hint Answer % Correct
2025 Broncos
100%
2023 Broncos
100%
2025 Bulldogs
100%
2024 Bulldogs
100%
2024 Cowboys
100%
2022 Cowboys
100%
2025 Panthers
100%
2024 Panthers
100%
2023 Panthers
100%
2022 Panthers
100%
2021 Panthers
100%
2020 Panthers
100%
2022 Rabbitohs
100%
2021 Rabbitohs
100%
2020 Rabbitohs
100%
2025 Raiders
100%
2023 Raiders
100%
2022 Raiders
100%
2020 Raiders
100%
2025 Roosters
100%
2024 Roosters
100%
2023 Roosters
100%
2022 Roosters
100%
2021 Roosters
100%
2020 Roosters
100%
2025 Storm
100%
2024 Storm
100%
2023 Storm
100%
2022 Storm
100%
2021 Storm
100%
2020 Storm
100%
2022 Eels
96%
2021 Eels
96%
2020 Eels
96%
2025 Sharks
96%
2024 Sharks
96%
2023 Sharks
96%
2022 Sharks
96%
2020 Sharks
96%
2021 Titans
96%
2024 Knights
91%
2023 Knights
91%
2021 Knights
91%
2020 Knights
91%
2024 Sea Eagles
91%
2021 Sea Eagles
91%
2025 Warriors
91%
2023 Warriors
91%
No matching quizzes found
Score Distribution
Percent of People with Each Score
Percentile by Number Answered
Your Score History
You have not taken this quiz since the last reset